000 00717nam a2200253Ia 4500
003 OSt
005 20220924123419.0
006 a|||||r|||| 00| 0
007 ta
008 220923b |||||||| |||| 00| 0 urd d
020 _c125.00
024 _a322152
037 _cTextual
040 _aARTS
_cARTS
_burd
041 _2urd
_aurd
082 _aR65,6, 168P9
100 _aMaharaj Shri Takdozi Au.
_9192714
245 0 _aShri gram geeta
260 _aNagpur
_bParikha publication India
_c2009
650 _aBHAGAVAD GITA
700 _a Munshi Raghupati Tr.
_9192715
942 _hR65,6, 168P9
_cTEXL
_2CC
999 _c415594
_d415594